Govt. of
Madhya Pradesh

A Complete Book of Upnishad (Record no. 63545)

MARC details
000 -LEADER
fixed length control field 00239nam a22000977a 4500
100 ## - MAIN ENTRY--AUTHOR NAME
Personal name Mudgal,Hariom
245 ## - TITLE STATEMENT
Title A Complete Book of Upnishad
260 ## - PUBLICATION, DISTRIBUTION, ETC. (IMPRINT)
Place of publication Guwahati
Name of publisher Kritika Marketing
Year of publication 2019
650 ## - SUBJECT ADDED ENTRY--TOPICAL TERM
Topical Term Religions
942 ## - ADDED ENTRY ELEMENTS (KOHA)
Koha item type Books
Holdings
Withdrawn status Lost status Damaged status Not for loan Home library Current library Date acquired Cost, normal purchase price Full call number Accession Number Price effective from Koha item type
        MACL MACL 07/10/2020 795.00 294 CRE037507 07/10/2020 Books